000 00584nam a2200229Ia 4500
003 OSt
005 20221005115447.0
006 a|||||r|||| 00| 0
007 ta
008 221004b |||||||| |||| 00| 0 san d
024 _a65357
037 _cTextual
040 _aCRL
_cCRL
_bsan
041 _2san
_asan
082 _aLAx1:1, 15H1;H8
100 _aAgnives Au.
_9627577
245 0 _aCharakasamhita
260 _c1948
700 _a Trikamji Ed.
_9627578
942 _hLAx1:1, 15H1;H8
_cTEXL
_2cc
999 _c1034914
_d1034914